000
00323 a2200109 4500
001
ART_24894
005
20260410161934.0
008
260409a
245
1
0
_a
Los servicios deben encararse con criterio industrial
100
1
_a
Levitt, Theodore
773
0
_t
Gestión
_g
- Nº 1 (jun./jul. 1973)
_w
REV24740
999
_c
28909
_d
28909